000 00651nam a2200193 i 4500
001 27683
003 ES-MaACL
005 20230906153701.0
007 t|
008 030115s1950 mx ||||1| spa d
100 1 _aAuerbach, Erich.
_923875
245 1 0 _aMímesis
_b: la representación de la realidad en la literatura occidental /
_cpor Erich Auerbach ; [traducción de I. Villanueva y E. Imaz].
250 _a1ª ed. en español.
260 _aMéxico, etc :
_bFondo de Cultura Económica,
_c[1950]
300 _a531 p. ;
_c22 cm.
700 1 _aVillanueva, I.
_9115020
700 1 _aImaz, Eugenio.
_965203
852 _aES-MaACL
_jD-5313
_bR.31343
999 _c27683
_d27683